000 02553cam a2200301 4500500
005 20260208013843.0
041 _afre
042 _adc
100 1 0 _aLevoin, Xavier
_eauthor
700 1 0 _aLouessard, Bastien
_eauthor
245 0 0 _aLe déplacement de l’incertitude au cœur de la (re)configuration d’une filière
260 _c2019.
500 _a44
520 _aCet article, fondé sur deux campagnes d’entretiens menées auprès de youtubeurs de fiction francophones, s’intéresse à l’univers de création qui se développe sur et autour de la plateforme YouTube. Il montre comment les relations d’interdépendance entre acteurs prennent ici des formes particulières. Ces dernières constituent pour ces créateurs des tentatives de gérer à leur avantage les risques inhérents à l’incertitude qui prévaut dans la création artistique en général, et sur YouTube en particulier. Par rapport au fonctionnement de la filière audiovisuelle, avec laquelle YouTube entretient des relations étroites, on assiste en effet à un transfert de la gestion des risques vers l’amont. En découlent des stratégies et des manières de mobiliser les réseaux qui tendent à faire du youtubeur une « micro-organisation » ou un travailleur indépendant devant gérer un portefeuille d’activité.
520 _aThis article, based on two interview campaigns with French-speaking fiction YouTubers, focuses on the creative universe that is developing on and around the YouTube platform. It shows how interdependent relationships between creators take on particular forms, constituting attempts by them to manage to their advantage the risks inherent in the uncertainty prevailing in artistic creation in general, and on YouTube in particular. With regard to the functioning of the audiovisual sector, with which YouTube maintains close relations, we are witnessing a transfer of risk management upstream. This leads to strategies and ways of mobilizing networks that tend to make the YouTubeur a “micro-organisation” or a self-employed worker who has to manage a business portfolio.
690 _acréateurs
690 _aintermédiaires
690 _atélévision
690 _avivier
690 _aYouTube
690 _acreative pool
690 _acreators
690 _aintermediaries
690 _aTV industry
690 _aYouTube
786 0 _nRéseaux | 213 | 1 | 2019-03-21 | p. 83-110 | 0751-7971
856 4 1 _uhttps://shs.cairn.info/revue-reseaux-2019-1-page-83?lang=fr&redirect-ssocas=7080
999 _c1660486
_d1660486